000 00330nam a2200121Ia 4500
008 240731s9999 xx 000 0 und d
022 _a2230-2476
245 0 _aResearch and Reports in Forensic Medical Science
260 _bDove Medical Press
856 _uhttps://www.tandfonline.com/loi/drrf20
942 _2ddc
942 _cTFEJ
999 _c79201
_d79201
945 _a1
_bMadushi Gamage
_c1
_dMadushi Gamage